Entry Personal Name
Number of records used in: 1
001 - CONTROL NUMBER
003 - CONTROL NUMBER IDENTIFIER
005 - DATE AND TIME OF LATEST TRANSACTION
- control field:
20230727141020.0
008 - FIXED-LENGTH DATA ELEMENTS
- fixed length control field:
230727|| aca||aabn | a|a d
040 ## - CATALOGING SOURCE
- Original cataloging agency:
JRU
- Transcribing agency:
JRU
100 ## - HEADING--PERSONAL NAME
- Personal name:
DHAL, DEBI PRASHAD
670 ## - SOURCE DATA FOUND
- Source citation:
Work cat.: (JRU)8349: DHAL, DEBI PRASHAD, INDIAN BAR REVIEW VOL-47[4] 2020, 2020